00417cam a2200169ua 45000010005000000080039000050200018000440400009000620410008000710820012000791000020000912450042001112500009001532600031001623000010001936530044002037977150110n ii |||gr||||Z||||||hin a9788170285731 cMAIN ahin a891.436 aViraj,eAuthor. aPramanik alekhan aur tippancBy Viraj a1st. aNew Delhi:bRajpal,c2008. a192p. aEast Indo-European & Celtic literatures